000
00343nam a2200157Ia 4500
008
210210b1926 xxu||||| |||| 00| 0 eng d
041
_a
eng
082
_a
883/28
100
_a
BHAVABHUTI
245
_a
MAlaTi madhava
260
_a
Bombay
_b
-
_c
1926
650
_a
MAlaTi
650
_a
madhava
690
_a
Sanskrit Drama
906
_a
024358
999
_c
149848
_d
149848